000 00619cam a22002293a 4500
001 338
003 PGUSA
005 20140828082946.0
008 080705s2008||||xxu|||||s|||||000 | eng d
040 _aPGUSA
_beng
042 _adc
050 4 _aE011
100 1 _aZitkala-Sa,
_d1876-1938
245 1 0 _aOld Indian Legends
_h[electronic resource] /
_cZitkala-Sa
260 _bProject Gutenberg,
_c2008
506 _aPublic domain in the USA.
516 _aElectronic text
653 _aDakota Indians -- Folklore
830 0 _aProject Gutenberg
_v338
856 4 0 _uhttp://www.gutenberg.org/ebooks/338
942 _cEB
999 _c229689
_d229689